000 01072nji a22002537a 4500
005 2010090804424.0
006 a|||||r|||||00| 0
007 sd ammalaaahaa
008 100830t xxu||||| |||| 00| 0 eng d
028 _aSEDE 3605
_bColumbia
035 _aGR-01235
040 _aSED
_cSED
100 _917455
_aIyer, Ganakaladhara Madhuri Mani
245 _aMarivere - Part-1 /
_cby Ganakaladhara Madhuri Mani Iyer, Paroor M. S. Gopalakrishnan [and] Umayaipuram Sivaram
_h[sound recording] :
246 _aमरिवेरे - भाग-१ / गणकलाधरा माधुरी मणि इयेर द्वारा
260 _aDum Dum, India
_bColumbia
300 _a1 sound disc [Gramophone Recording]:
_banalog, 33 1/3 rpm
_c7 in. (SP)
_fGramophone Record
500 _aBrief Record
650 _aClassical music
_zIndia
_91186
_xExcerpts
700 _917416
_aGopalakrishnan, Paroor M. S.
700 _917456
_aSivaraman, Umayalapuram
942 _2ddc
_cGR
999 _c44379
_d44379